000 00643nam a22001457a 4500
020 _a978-0-00-811474-9
082 _a823
_bMOR/M
100 _aMORPURGO, MICHAEL
245 _aBEST MATES
_bSIX FAVOURITE STORIES
260 _aGREAT BRITAIN
_bHARPER COLLINS CHILDRENS BOOKS
_c2015
300 _a124
520 _aBest Mates is a story about the bonds of friendship, how they can be stretched to breaking point and that one mate who always goes too far. How far would you be willi... Read allWhen Dom's best mate from childhood calls him in a panic he rushes to his aid, but Dom's going to wish he hadn't.
650 _aSHORT STORY
942 _cBK
999 _c6136
_d6136